| 000 | 00734nam a2200193 a 4500 | ||
|---|---|---|---|
| 001 | 000040036 | ||
| 005 | 20201002033859.0 | ||
| 008 | 130802s2009 mx 000 0 spa d | ||
| 020 | _a9789703204791 | ||
| 040 |
_aDO-SdBNP _bspa _cBNPHU |
||
| 100 | 1 |
_aLópez Pinciano, Alonso, _d1596-1627. _966278 |
|
| 245 | 1 | 0 |
_aEpístolas sobre el arte dramático : _bDe Filosofía Antigua Poética / _cAlonso López Pinciano ; presentación de Eduardo Contreras Soto. |
| 260 |
_aMéxico : _bUniversidad Nacional Autónoma de México, _c2009. |
||
| 300 |
_a199 p. ; _c15 cm. |
||
| 490 | 1 | _aPequeños grandes ensayos | |
| 504 | _aBibliografia | ||
| 700 | 1 |
_aContreras Soto Eduardo, _966279 |
|
| 710 | 2 |
_aUniversidad Nacional Autónoma de México _942447 |
|
| 999 |
_c39526 _d39526 |
||